Kleinian Groups

Αποθηκεύτηκε σε:
Λεπτομέρειες βιβλιογραφικής εγγραφής
Κύριος συγγραφέας: Maskit, Bernard
Μορφή: Βιβλίο
Γλώσσα:English
Δημοσίευση: Berlin : Spinger-Verlag, 1988
Σειρά:Grundlehren der mathematischen wissenschaften ; ; 287
Θέματα:
Ετικέτες: Προσθήκη ετικέτας
Δεν υπάρχουν, Καταχωρήστε ετικέτα πρώτοι!

MARC

LEADER 00000nam a2200000 i 4500
001 1/28078
008 960523s1988 eng d
020 |a 3-540-17746-9 
035 |a 1995  |l 10037985 
040 |a GR-MY-UA  |b gre  |e aacr 
041 0 |a eng 
082 0 |a 512.2 
100 1 |a Maskit, Bernard. 
245 1 0 |a Kleinian Groups /  |c Bernard Maskit 
260 |a Berlin :   |b Spinger-Verlag,   |c 1988 
300 |a 326 p.;  |c 24 cm. 
490 1 |a Grundlehren der mathematischen Wissenschaften  |v ; 287 
500 |a Includes bibliographical referencdes and index 
650 0 0 |a Kleinian groups. 
830 0 |a Grundlehren der mathematischen wissenschaften ;  |v ; 287 
852 |a INST  |b SAMOS  |e 19960523  |h 512.2 MAS  |p 005300005089  |q 005300005089  |t BK  |y 0 
909 |a Σ  |b 039283